Tánciskolák piaci helyzete Magyarországon

Bibliographic Details
Main Author: Farkas Enikő
Other Authors: Totth Dr. Gedeon
Szabó Gábor
Format: Thesis
Kulcsszavak:Tánciskolák
Tánc
Versenyhelyzet
Magyarország
Online Access:http://dolgozattar.uni-bge.hu/18756

MARC

LEADER 00000nta a2200000 i 4500
001 dolg18756
005 20200429095734.0
008 181203suuuu hu om 000 hun d
040 |a BGE Dolgozattár Repozitórium  |b hun 
041 |a hu 
100 1 |a Farkas Enikő 
245 1 0 |a Tánciskolák piaci helyzete Magyarországon  |c Farkas Enikő  |h [elektronikus dokumentum] 
695 |a Tánciskolák 
695 |a Tánc 
695 |a Versenyhelyzet 
695 |a Magyarország 
700 1 |a Totth Dr. Gedeon  |e ths 
700 1 |a Szabó Gábor  |e ths 
856 4 0 |u http://dolgozattar.uni-bge.hu/18756/1/Szakdolgozat-T%C3%A1nciskol%C3%A1k-piaci-helyzete.pdf  |z Dokumentum-elérés